01067nam a2200205 i 4500001000300000245023600003246005000239260015100289300002800440500006100468504011600529650006400645700002400709015001700733020002100750040000800771041001900779080002200798008004100820bg00aKultura pogranicza - pogranicze kultur =b=Kul'tura pogranič'ja - pogranič'e kul'tur /cred. nauk. Adam Bobryk ; Siedleckie Stowarzyszenie Społeczno-Kulturalne "Brama", Wyższa Szkoła Humanistyczna im. Aleksandra Gieysztora.11aKul'tura pogranič'ja - pogranič'e kul'tur aSiedlce :bSiedleckie Stowarzyszenie Społeczno-Kulturalne "Brama" ;aPułtusk :bWyższa Szkoła Humanistyczna im. Aleksandra Gieysztora,c2005. a269 s. :bil. ;c21 cm. aTekst częśc. ros. Streszcz. ros., pol. przy pracach. aBibliogr. selektywna publ. pol. poświęconych problematyce pogranicza i tożsamości narodowej s. 253-260. 9aRegiony przygranicznexkulturazEuropa Środkowo-Wschodnia1 aBOBRYK, Adam.eRed. aPB 4961/2006 a8389709546 (WSH) cBPK0 apolrusbruspol a316.7(4-191.2-11) s pl f |000 0 pol